Dr. S. R. Lasker Library Online Catalogue

Home      Library Home      Institutional Repository      E-Resources      MyAthens      EWU Home

Self review in supervision (Record no. 1417)

MARC details
000 -LEADER
fixed length control field 00965nam a2200289Ia 4500
001 - CONTROL NUMBER
control field 1458
003 - CONTROL NUMBER IDENTIFIER
control field EWU MFN
008 - FIXED-LENGTH DATA ELEMENTS--GENERAL INFORMATION
fixed length control field 110604s9999 xx 000 0 und d
020 ## - INTERNATIONAL STANDARD BOOK NUMBER
International Standard Book Number 0256027188
040 ## - CATALOGING SOURCE
Original cataloging agency BD-DhEWU
041 ## - LANGUAGE CODE
Language code of text/sound track or separate title ENG
082 ## - DEWEY DECIMAL CLASSIFICATION NUMBER
Classification number 3658.302
Item number TES 1982
100 1# - MAIN ENTRY--PERSONAL NAME
Personal name Terry, George R.
245 10 - TITLE STATEMENT
Title Self review in supervision
250 ## - EDITION STATEMENT
Edition statement Revised ed.
260 ## - PUBLICATION, DISTRIBUTION, ETC. (IMPRINT)
Place of publication, distribution, etc Illinois :
Name of publisher, distributor, etc Learning Systems,
Date of publication, distribution, etc 1982
300 ## - PHYSICAL DESCRIPTION
Extent xi, 141 :
Other physical details ill ;
Dimensions 25 cm
440 ## - SERIES STATEMENT/ADDED ENTRY--TITLE
Title Irwin Programming Learning Aid
504 ## - BIBLIOGRAPHY, ETC. NOTE
Bibliography, etc Includes index.
653 #1 - INDEX TERM--UNCONTROLLED
Uncontrolled term Managment
Uncontrolled term Personnel Management Supervisors Supervision
700 ## - ADDED ENTRY--PERSONAL NAME
Personal name Hermanson, Roger H.
Personal name Rue, Leslie W.
942 ## - ADDED ENTRY ELEMENTS (KOHA)
Koha item type Text
Source of classification or shelving scheme Dewey Decimal Classification
Holdings
Withdrawn status Lost status Source of classification or shelving scheme Damaged status Not for loan Home library Current library Shelving location Date acquired Source of acquisition Cost, normal purchase price Total Checkouts Full call number Barcode Copy number Koha item type
    Dewey Decimal Classification     Dr. S. R. Lasker Library, EWU Dr. S. R. Lasker Library, EWU   16/04/1998 Karim International 0.00   3658.302 TES 1458-3422   Text